| 000 | 00809nam a2200217 a 4500 | ||
|---|---|---|---|
| 001 | 44875 | ||
| 003 | BD-RjUL | ||
| 005 | 20211209053929.0 | ||
| 008 | 160720s1966 bg ||||| |||| 00| 0 ben d | ||
| 035 | _a(BD-RjUL) | ||
| 040 |
_aBD-RjUL _bben _cBD-RjUL |
||
| 041 | _aben | ||
| 082 |
_223 _a491.4409 _bGOB 1966 |
||
| 100 |
_aগোস্বামী, কৃষ্ণপদ _9137514 |
||
| 245 | 1 | 0 |
_aবাংলা ভাষাতত্ত্বের ইতিহাস / _cকৃষ্ণপদ গোস্বামী |
| 260 |
_aকলিকাতা : _bগ্রন্থ প্রকাশ, _c১৯৬৬ |
||
| 300 |
_a৩৩১ পৃ. ; _c২৩ সেমি. |
||
| 650 |
_aবাংলা ভাষা _xইতিহাস _9137515 |
||
| 650 |
_aBengali Langusge _xHistory _9137516 |
||
| 942 |
_2ddc _cBK |
||
| 999 |
_c44875 _d44875 |
||